|
|
|
|
| LEADER |
00000cam a2200000 i 4500 |
| 001 |
1/48509 |
| 008 |
950728s1994 enk ||| | eng|| |
| 020 |
|
|
|a 0631190635
|
| 035 |
|
|
|1 ΕΛΗ
|a 1995
|c ΤΣΙΒΑΚΟΥ
|l 10043356
|
| 040 |
|
|
|a GR-MyUA
|b gre
|e AACR2
|
| 041 |
0 |
|
|a eng
|
| 082 |
0 |
|
|a 003.56
|
| 245 |
1 |
0 |
|a Foundations of Decision Theory :
|b Issues and Advances /
|c Edited by Michael Bacharach and Susan Hurley.
|
| 260 |
|
|
|a Cambridge :
|b Blacwell,
|c 1994.
|
| 300 |
|
|
|a 344 σ. ;
|c 23 εκ.
|
| 504 |
|
|
|a Περιέχει βιβλιογραφικές αναφορές και ευρετήριο.
|
| 650 |
0 |
0 |
|a Decision making.
|
| 650 |
0 |
0 |
|a Social sciences
|x Decision making.
|
| 700 |
1 |
|
|a Bacharach, Michael,
|e edt
|
| 700 |
1 |
|
|a Hurley, S. L.
|q (Susan L.)
|e edt
|
| 852 |
|
|
|a INST
|b SAMOS
|e 19950728
|h 003.56 FOU
|p 005300009886
|q 005300009886
|t BK
|y 0
|
| 909 |
|
|
|a Σ
|b 044873
|